00680cam a2200229Ia 4500008004100000020002500041100002000066245006700086260004400153300003500197500002000232504004100252650002900293650001400322700002200336700001900358700002200377700002400399003000100423005001700424040000900441  a9780853697473 (pbk.)1 aWhalley, Ben J.10aFoundation in pharmacy practice /cBen J. Whalley ... [et al.] aLondon :bPharmaceutical Press,cc2008. axii, 212 p. :bill. ;c25 cm. aIncludes index. aIncludes bibliographical references. 0aPharmaceutical services. 0aPharmacy. aFletcher, Kate E. aWeston, Sam E. aHoward, Rachel L. aRawlinson, Clare F.20230120204154.0 cNUST